Countries that Smoke the Least - Statistics

General Stats
  • This quiz has been taken 44 times
  • The average score is 8 of 20
Answer Stats
Cigarettes Country % Correct
89.3 India
62%
118.8 Niger
62%
128.0 Democratic Republic of the Congo
59%
115.3 Ethiopia
54%
94.0 Rwanda
54%
132.3 Eritrea
51%
147.3 Togo
46%
145.4 Zambia
46%
25.3 Guinea-Bissau
44%
122.9 Zimbabwe
44%
30.3 Mauritania
41%
9.7 Brunei
38%
91.7 Eswatini
38%
40.5 Ghana
36%
97.7 Peru
31%
147.4 Dominica
26%
93.5 Ecuador
23%
143.0 Haiti
23%
111.8 Guatemala
18%
89.2 Antigua and Barbuda
10%
No matching quizzes found
Score Distribution
Percent of People with Each Score
Percentile by Number Answered
Your Score History
You have not taken this quiz